Square Numbers and Square Roots - Statistics

General Stats
  • This quiz has been taken 124 times
  • The average score is 18 of 20
Answer Stats
Hint Answer % Correct
10^2 100
100%
√(9) 3
100%
√(16) 4
100%
√(25) 5
100%
√(1) 1
95%
√(4) 2
95%
√(400) 20
95%
√(64) 8
95%
1^2 1
94%
4^2 16
94%
√(36) 6
94%
15^2 225
93%
7^2 49
93%
11^2 121
91%
√(121) 11
90%
√(196) 14
90%
5^2 25
90%
20^2 400
90%
9^2 81
90%
√(81) 9
90%
14^2 196
89%
3^2 9
89%
√(144) 12
88%
√(225) 15
88%
8^2 64
88%
√(49) 7
88%
√(100) 10
87%
√(361) 19
85%
12^2 144
84%
√(169) 13
82%
6^2 36
82%
2^2 4
82%
√(289) 17
81%
√(324) 18
80%
17^2 289
80%
13^2 169
79%
16^2 256
79%
√(256) 16
76%
18^2 324
69%
19^2 361
68%
No matching quizzes found
Score Distribution
Percent of People with Each Score
Percentile by Number Answered
Your Score History
You have not taken this quiz